00000000nam 2200000zi 4500
0019.924643
003CaOODSP
00520241119125425
006m     o  d f      
007cr mn|||||||||
008230630t20232023oncab   o    f000 0 fre d
020 |a9780660493312
040 |aCaOODSP|bfre|erda|cCaOODSP
043 |an-cn---
0861 |aM184-3/2023F-PDF
24500|aCommission géologique du Canada : |bplan stratégique 2023-2028.
264 1|a[Ottawa] : |bRessources naturelles Canada = Natural Resources Canada, |c[2023]
264 4|c©2023
300 |a1 ressource en ligne (42 pages) : |billustrations en couleur, cartes en couleur.
336 |atexte|btxt|2rdacontent/fre
337 |ainformatique|bc|2rdamedia/fre
338 |aressource en ligne|bcr|2rdacarrier/fre
4901 |aRessources naturelles Canada, produit d'information générale ; |v151f
500 |aPublié aussi en anglais sous le titre : Geological Survey of Canada strategic plan 2023-2028.
61026|aCommission géologique du Canada|xPlanification.
650 6|aPlanification stratégique|zCanada.
7101 |aCanada. |bRessources naturelles Canada, |eorganisme de publication.
77508|tGeological Survey of Canada strategic plan 2023-2028.|w(CaOODSP)9.924642
7760#|tCommission géologique du Canada : |w(CaOODSP)9.924646
830#0|aProduit d'information générale (Canada. Ressources naturelles Canada)|v151f.|w(CaOODSP)9.822756
85640|qPDF|s11.50 Mo|uhttps://publications.gc.ca/collections/collection_2024/rncan-nrcan/M184-3-2023-fra.pdf
8564 |qHTML|sN/A|uhttps://doi.org/10.4095/331972